00377nam a2200109Ia 4500008004100000245006800041260006200109260001800171300000800189650001500197856005500212170221s9999 xx 000 0 und d aDo Consumers Recall Products’ Warning Labels? A Meta-Analysis bInternational Journal of Management and Marketing Reseach cFebruary 2015 a4:1 xMarketing. uhttp://www.theibfr.com/ARCHIVE/IJMMR-V9N1-2016.pdf